Engineering mechanics : statics and dynamics (Record no. 64564)

000 -LEADER
fixed length control field 00493nam a22001817a 4500
003 - CONTROL NUMBER IDENTIFIER
control field NUST - PNEC
005 - DATE AND TIME OF LATEST TRANSACTION
control field 20170116180849.0
008 - FIXED-LENGTH DATA ELEMENTS--GENERAL INFORMATION
fixed length control field 150825b xxu||||| |||| 00| 0 eng d
020 ## - INTERNATIONAL STANDARD BOOK NUMBER
International Standard Book Number 0060462310
020 ## - INTERNATIONAL STANDARD BOOK NUMBER
International Standard Book Number 0063506610
040 ## - CATALOGING SOURCE
Transcribing agency LIBRARY
082 ## - DEWEY DECIMAL CLASSIFICATION NUMBER
Classification number 620.1 SIN
100 ## - MAIN ENTRY--PERSONAL NAME
9 (RLIN) 5626
Personal name Singer, Ferdinand L.
245 ## - TITLE STATEMENT
Title Engineering mechanics : statics and dynamics
Statement of responsibility, etc. Ferdinand L.Singer
250 ## - EDITION STATEMENT
Edition statement Third Edition
650 ## - SUBJECT ADDED ENTRY--TOPICAL TERM
9 (RLIN) 5627
Topical term or geographic name entry element Mechanics, Applied
General subdivision ME / MIS
942 ## - ADDED ENTRY ELEMENTS (KOHA)
Source of classification or shelving scheme
Koha item type Book
Holdings
Withdrawn status Lost status Source of classification or shelving scheme Damaged status Not for loan Permanent Location Current Location Shelving location Date acquired Total Checkouts Full call number Barcode Date last seen Price effective from Koha item type
          Pakistan Navy Engineering College (PNEC) Pakistan Navy Engineering College (PNEC)       620.1 SIN PNECLIB-008112 08/25/2015   Book
          Pakistan Navy Engineering College (PNEC) Pakistan Navy Engineering College (PNEC)       620.1 SIN PNECLIB-020188 08/25/2015   Book
          Pakistan Navy Engineering College (PNEC) Pakistan Navy Engineering College (PNEC)       620.1 SIN PNECLIB-020189 08/26/2015   Book
          Pakistan Navy Engineering College (PNEC) Pakistan Navy Engineering College (PNEC)       620.1 SIN PNECLIB-020190 08/27/2015   Book
          Pakistan Navy Engineering College (PNEC) Pakistan Navy Engineering College (PNEC)       620.1 SIN PNECLIB-020191 08/27/2015   Book
          Pakistan Navy Engineering College (PNEC) Pakistan Navy Engineering College (PNEC)       620.1 SIN PNECLIB-19811 08/27/2015   Book
          Pakistan Navy Engineering College (PNEC) Pakistan Navy Engineering College (PNEC)       620.1 SIN PNECLIB-020194 08/27/2015   Book
          Pakistan Navy Engineering College (PNEC) Pakistan Navy Engineering College (PNEC)       620.1 SIN PNECLIB-020192 08/27/2015   Book
          Pakistan Navy Engineering College (PNEC) Pakistan Navy Engineering College (PNEC)       620.1 SIN PNECLIB-019809 08/27/2015   Book
          Pakistan Navy Engineering College (PNEC) Pakistan Navy Engineering College (PNEC)       620.1 SIN PNECLIB-022730 08/27/2015   Book
          Pakistan Navy Engineering College (PNEC) Pakistan Navy Engineering College (PNEC)       620.1 SIN PNECLIB-019810 08/31/2015   Book
          Pakistan Navy Engineering College (PNEC) Pakistan Navy Engineering College (PNEC)       620.1 SIN PNECLIB-013667 09/02/2015   Book
          Pakistan Navy Engineering College (PNEC) Pakistan Navy Engineering College (PNEC)       620.1 SIN PNECLIB-020187 09/03/2015   Book
          Pakistan Navy Engineering College (PNEC) Pakistan Navy Engineering College (PNEC)       620.1 SIN PNECLIB-020196 09/22/2015   Book
          Pakistan Navy Engineering College (PNEC) Pakistan Navy Engineering College (PNEC)       620.1 SIN PNECLIB-020193 11/28/2015   Book
© 2023 Central Library, National University of Sciences and Technology. All Rights Reserved.